000 00335nam a2200145Ia 4500
003 OSt
005 20231223051428.0
008 170523s9999 xx 000 0 und d
020 _a97881772299998
040 _cIIMTU
100 _aGaikwad- Sunil T.
245 0 _aBasic Electrical Engineering
260 _aDreamtech
942 _2ddc
_c02
999 _c12390
_d12390